| 000 | 00696nam a2200181 a 4500 | ||
|---|---|---|---|
| 001 | 000040590 | ||
| 005 | 20201002034233.0 | ||
| 008 | 130902s2004 sp a 000 0 spa d | ||
| 020 | _a9788420543727 | ||
| 040 |
_aDO-SdBNP _bspa _cBNPHU |
||
| 082 |
_axxxx _bxxxx |
||
| 100 | 1 |
_aJuan Vigaray, M. Dolores de _966922 |
|
| 245 | 1 | 0 |
_aComercialización y Retailing : _bdistribución comercial aplicada / _cM. Dolores de Juan Vigara ; prólogo Francisco J. Sarabia Sánchez. |
| 260 |
_aMadrid, : _bPearson educación, _c2004. |
||
| 300 |
_axvii, : _bil. ; _c25 cm. |
||
| 504 | _aIncluye referencias bibliográficas y notas al pie de las páginas | ||
| 700 | 1 |
_aSarabia Sánchez, Francisco J., _epról. _966923 |
|
| 999 |
_c40080 _d40080 |
||